Úrokové sadzby verzus akciové trhy

Vplyv úrokových sadzieb na peňažné a kapitálové trhy. Analýza zmien v pohybe úrokových sadzieb a ekonomické dôsledky. Súvislosti medzi pohybom úrokových sadzieb, HDP a akciovým indexom v USA. Japonský akciový trh a úrokové sadzby. Dopady na európsku ekonomiku a akciové trhy. Súčasnosť a perspektívy...

Descrizione completa

Salvato in:
Dettagli Bibliografici
Autore principale: Chovancová, Božena
Natura: Capitolo di libro
Lingua:slovacco
Soggetti:
Tags: Aggiungi Tag
Nessun Tag, puoi essere il primo ad aggiungerne!!

MARC

LEADER 00000nla$a2200000$$$4500
001 0094205
005 20240502083239.3
041 0 |a slo 
044 |a CZ 
245 1 0 |a Úrokové sadzby verzus akciové trhy  |c Božena Chovancová 
520 |a Vplyv úrokových sadzieb na peňažné a kapitálové trhy. Analýza zmien v pohybe úrokových sadzieb a ekonomické dôsledky. Súvislosti medzi pohybom úrokových sadzieb, HDP a akciovým indexom v USA. Japonský akciový trh a úrokové sadzby. Dopady na európsku ekonomiku a akciové trhy. Súčasnosť a perspektívy vývoja. 
610 2 0 |a trh kapitálový 
610 2 0 |a trh finančný 
610 2 0 |a akcie 
610 2 0 |a sadzby úrokové 
610 2 0 |a rast hospodársky 
610 2 0 |a produkt domáci hrubý 
610 2 0 |a USA 
610 2 0 |a Japonsko 
610 2 0 |a Európa 
100 1 |a Chovancová, Božena